000 00590nam a2200229Ia 4500
003 OSt
005 20220928102337.0
006 a|||||r|||| 00| 0
007 ta
008 220927b |||||||| |||| 00| 0 eng d
024 _a28113
037 _cTextual
040 _aSDCL
_cSDCL
_beng
041 _2eng
_aeng
082 _aQ2:34, L6
100 _aKesarcod-Watson Ian
_9397839
245 0 _aEastern spirituality.
260 _aDelhi
_bAgam Prakashak
_c1976
300 _a155p.
_ccm.
942 _hQ2:34, L6
_cTEXL
_2CC
999 _c713659
_d713659